000 00598nam a22001697a 4500
005 20251108174820.0
008 250721s1997 xx 000 0 ara d
082 1 4 _a320.4/حسي
245 1 0 _aخطب العرش السامية في افتتاح دورات مجالس الأمة 1953-1996 /
264 1 _aعمان :
_bوزارة الإعلام - دائرة المطبوعات و النشر،
_c1997.
300 _a269ص.
650 1 7 _aالخطب السياسية
650 1 7 _aتاريخ الاردن
650 1 7 _aعهد الملك حسين(1952-1999)
942 _2ddc
_cBK
999 _c118772
_d118772